Bulugal Maram : / بلوغ المرام (Record no. 27381)

MARC details
000 -LEADER
fixed length control field 00492nam a22001817a 4500
003 - CONTROL NUMBER IDENTIFIER
control field BDDh-ASL
005 - DATE AND TIME OF LATEST TRANSACTION
control field 20231015030748.0
008 - FIXED-LENGTH DATA ELEMENTS--GENERAL INFORMATION
fixed length control field 211102n p ||||| |||| 00| 0 u d
040 ## - CATALOGING SOURCE
Original cataloging agency BDDh-ASL
Transcribing agency BDDh-ASL
082 ## - DEWEY DECIMAL CLASSIFICATION NUMBER
Classification number 297.3
Item number AKB
100 1# - MAIN ENTRY--PERSONAL NAME
9 (RLIN) 5595
Personal name Askalani, Ibn Hazar
245 10 - TITLE STATEMENT
Title Bulugal Maram : / بلوغ المرام
260 ## - PUBLICATION, DISTRIBUTION, ETC.
Place of publication, distribution, etc. Karachi :
Name of publisher, distributor, etc. Asahhul Matabi ,
300 ## - PHYSICAL DESCRIPTION
Extent 320 p. :
Dimensions 25 cm.
650 #0 - SUBJECT ADDED ENTRY--TOPICAL TERM
9 (RLIN) 3956
Topical term or geographic name entry element Hadith
700 1# - ADDED ENTRY--PERSONAL NAME
9 (RLIN) 5596
Personal name Ali, Amjadul
942 ## - ADDED ENTRY ELEMENTS (KOHA)
Source of classification or shelving scheme Dewey Decimal Classification
Koha item type Books
Holdings
Withdrawn status Lost status Source of classification or shelving scheme Damaged status Not for loan Collection code Home library Current library Shelving location Date acquired Source of acquisition Serial Enumeration / chronology Total Checkouts Full call number Barcode Date last seen Copy number Price effective from Koha item type
    Dewey Decimal Classification     Non-fiction Asiatic Society Library Asiatic Society Library General Stacks 11/02/2021 ASB Library Collection U-0733   297.3 AKB 113483 11/02/2021 C-1 11/02/2021 Books

Powered by Koha